000 00375nam a22001577a 4500
999 _c253855
_d253854
003 OSt
005 20230327101306.0
008 160518b xxu||||| |||| 00| 0 eng d
020 _a1-58448-000-1
040 _cn/a
050 _aPS3608
_b.0525 K38 2003
100 _aHosseini, khaled
245 _akite runner
260 _anew york
_bpenguin group
_c2003
942 _2lcc
_cBK